01870 a2200193 4500001000500000005001700005008004100022003001500063040004000078080005200118245005500170020002200225250001200247264003300259300002500292505117900317100003301496856014701529338920260407155428.0260407a2003 arg spa dAR-UNSa-BCEJYS aAR-UNSa-BCEJYSbspacAR-UNSa-BCEJYS a336.2xIngresos públicos (Derecho tributario)10aCurso de finanzas, derecho financiero y tributario a978-950-508-582-8 a8a. ed. 1aBuenos Aires :bAstreac2003 aLXIV, 931 p.c20 cm. a1. Introducción - 2. Gastos públicos - 3. Recursos del Estado - 4. Noción y elementos - 5. Crédito público - 6. El presupuesto - 7. Derecho tributario. Nociones preliminares - 8. Caracterización jurídica del derecho tributario - 9. Derecho constitucional tributario - 10. Derecho tributario y régimen federal - 11. Derecho tributario material - 12. Derecho tributario formal - 13. Derecho procesal tributario - 14. Derecho penal tributario - 15. Derecho internacional tributario - 16. Derecho tributario de la integración económica (Derecho fiscal comunitario) - 17. Sistemas tributarios - 18. Impuesto a las ganancias - 19. Impuesto a los premios de sorteos y concursos deportivos - 20. Impuesto sobre los bienes personales y a la transferencia de inmuebles - 21. Impuesto a la ganancia mínima presunta. Impuesto a los intereses - 22. Impuesto al valor agregado - 23. Monotributo. Régimen simplificado para pequeños contribuyentes - 24. Impuestos internos - 25. Impuestos aduaneros - 26. Impuesto a las transacciones financieras - 27. Impuesto de justicia. Tasas judiciales en el orden nacional - 28. Impuestos provinciales - Tributos municipales 1 aVillegas, Héctor Belisario41uhttps://biblioeco.unsa.edu.ar/pmb/images/libros/Curso de Finanzas, derecho financiero y tributario3-l117014.jpgyImagen de portadaqimage/jpeg